000 01122cam a2200277 a 4500
003 EG-GiCUC
008 161124s1995 jo g 000 0 ara d
040 _aEG-GiCUC
_bara
_cEG-GiCUC
041 1 _aara
_heng
043 _an-us---
092 0 4 _a378.125
_bM6633
_221
099 _a04
_a378.125 M6633
100 1 _aميناهان : جون ايه :
_d1956-
245 1 0 _aتعليم الديموقراطية :
_bمذكرات استاذ جامعى /
_cتأليف جون ايه ميناهان ؛ ترجمة شحدة فارع ؛ مراجعة فاروق جرار
260 _aعمان : الاردن :
_bدار البشير :
_c1995
300 _a200ص؛
_c24 سم
546 _aالترجمة العربية لـ : Teaching Democracy ...
650 7 _aالتعليم العالى
_xالولايات المتحدة الامريكية
_2qrmak
700 1 _aجرار : فاروق
700 1 _aفارع : شحدة
902 _a1
905 _aجيهان
_eمراجع
905 _aعفاف
_eمدخل
942 _2ddc
_cBK
999 _c145634
_d145634